Радиоактивный распад и радиоактивное излучение, учебно-методическое пособие

Bibliographische Detailangaben
1. Verfasser: Асабина Е. А.
Zusammenfassung:Рекомендовано методической комиссией химического факультета для студентов ННГУ, обучающихся по направлению подготовки 04.03.01 «Химия» и специальности 04.05.01 «Фундаментальная и прикладная химия»
В учебно-методическом пособии рассматриваются общие представления о закономерностях радиоактивного распада: его виды, описывающие распад математические закономерности, характеристики и способы регистрации возникающих излучений. Приводится описание двух экспериментальных лабораторных работ. Пособие предназначено для студентов химического факультета ННГУ, обучающихся по направлению подготовки 04.03.01 «Химия» и специальности 04.05.01 «Фундаментальная и прикладная химия», изучающих общий курс «Радиохимия и радиоэкология».
Книга из коллекции ННГУ им. Н. И. Лобачевского - Экология
Veröffentlicht: Нижний Новгород, ННГУ им. Н. И. Лобачевского, 2024
Schlagworte:
Online-Zugang:https://e.lanbook.com/book/431237
https://e.lanbook.com/img/cover/book/431237.jpg
Format: Elektronisch Buch

MARC

LEADER 00000nam0a2200000 i 4500
001 RU-LAN-BOOK-431237
100 |a 20250516d2024 k y0rusy01020304ca 
101 0 |a rus 
102 |a RU 
105 |a y j 000zy 
106 |a z 
200 1 |a Радиоактивный распад и радиоактивное излучение  |b Электронный ресурс  |f Асабина Е. А.  |e учебно-методическое пособие 
210 |a Нижний Новгород  |b Нижний Новгород  |c ННГУ им. Н. И. Лобачевского  |d 2024 
215 |a 30 с. 
300 |a Рекомендовано методической комиссией химического факультета для студентов ННГУ, обучающихся по направлению подготовки 04.03.01 «Химия» и специальности 04.05.01 «Фундаментальная и прикладная химия» 
330 |a В учебно-методическом пособии рассматриваются общие представления о закономерностях радиоактивного распада: его виды, описывающие распад математические закономерности, характеристики и способы регистрации возникающих излучений. Приводится описание двух экспериментальных лабораторных работ. Пособие предназначено для студентов химического факультета ННГУ, обучающихся по направлению подготовки 04.03.01 «Химия» и специальности 04.05.01 «Фундаментальная и прикладная химия», изучающих общий курс «Радиохимия и радиоэкология». 
333 |a Книга из коллекции ННГУ им. Н. И. Лобачевского - Экология 
610 0 |a основные понятия 
610 0 |a виды радиоактивного распада 
610 0 |a закон радиоактивного распада 
610 0 |a детекторы 
610 0 |a ионизирующих излучений 
610 0 |a содержание калия 
610 0 |a радиоактивность 
675 |a 544.58 
686 |a 24.553.1  |2 rubbk 
700 1 |a Асабина  |b Е. А. 
801 1 |a RU  |b Издательство Лань  |c 20250516  |g RCR 
856 4 |u https://e.lanbook.com/book/431237 
856 4 1 |u https://e.lanbook.com/img/cover/book/431237.jpg 
953 |a https://e.lanbook.com/img/cover/book/431237.jpg